000
00311nam a22001337a 4500
008
170324b xxu||||| |||| 00| 0 eng d
020
_a
0849327415
041
_a
eng
080
_2
2 ED
_a
615.82
100
_a
8
101
_a
SHM
245
_a
SPORTS MEDICINE PRIMARY CARE PHYSICIAN
_c
BIRRER.R.B
942
_2
udc
_c
BK
999
_c
8613
_d
8613